| 000 | 01386nab a22002417a 4500 | ||
|---|---|---|---|
| 999 |
_c5947 _d5947 |
||
| 003 | OSt | ||
| 005 | 20260114022547.0 | ||
| 008 | 190605e xxu||||| |||| 00| 0 spa d | ||
| 040 | _cPJ | ||
| 100 |
_96792 _aAgostini, José Ignacio |
||
| 245 | 1 | 0 |
_aLas observaciones de los Relatores Especiales del Comité de Derechos Humanos de Naciones Unidas sobre protocolo anti-piquete (2023) / _cJosé Ignacio Agostini. |
| 260 |
_aCiudad Autónoma de Buenos Aires : _bThomson Reuters La Ley, _c2024. |
||
| 300 | _ap. 91-107 | ||
| 500 | _aCita: TR LALEY AR/DOC/886/2024. | ||
| 505 | _aSumario: I. Introducción.— II. Antecedentes históricos.— III. La denuncia.— IV. Las resoluciones del Ministerio Seguridad de la Nación.— V. El proyecto de ley de "Bases y Puntos de Partida para la Libertad de los Argentinos" y el derecho de reunión pacífica.— VI. Otra alarma en el tablero de control de calidad democrática.— VII. Conclusión. | ||
| 505 | _t¿Te interesa el texto completo? Solicitalo al correo: koha@justierradelfuego.gov.ar | ||
| 650 | 0 |
_91316 _aDERECHO LABORAL |
|
| 650 | 0 |
_96569 _aDERECHO DE REUNION |
|
| 650 | 0 |
_9615 _aDERECHOS Y GARANTIAS CONSTITUCIONALES |
|
| 650 | 0 |
_91461 _aLIBERTAD SINDICAL |
|
| 773 | 0 |
_02711 _93168 _dCiudad Autónoma de Buenos Aires : Thomson Reuters La Ley, 1999-2002. _tRevista de derecho del trabajo. Nº 3 - Mayo 2024 |
|
| 942 |
_2udc _cANA |
||